00974aab a2200181 4500001001000000003001000010005001700020008004100037022001400078040004100092041000800133100003300141245005000174300006100224520039800285653001800683773009100701768714001CO-MdFUSB20240613100300.0170523s1999 cr ||||| |||| 00| 0 spa d a1409-1968 aCO-MdFUSBbspacCO-MdFUSBdCO-MdFUSB aspa aContreras, Serafín,eautor13aLa Palabra que edificac/ Serafín Contreras aVolumen 16. Número 4 (1999), páginas 46-50c: 27 cm. aMúsicos talentosos, graduados de prestigiosas universidades y consagrados deportistas, todos ellos miembros de la Secta Puerta del Cielo.. ciudadanos modelo y, sin embargo, se suicidaron en masa. ¿Qué es lo que hace que la gente viva sin discernir la verdad de la mentira? Algo está pasando en el ambiente y parece que como iglesia no estamos percibiendo de qué se trata en realidad. aEdificación0 tApuntes Pastorales049442gVolumen 16. Número 4 (1999), páginas 46-50qPágina 46